Places With 'Ou' by Letter - Statistics

General Stats
  • This quiz has been taken 15 times
  • The average score is 9 of 12
Answer Stats
Hint Answer % Correct
H City in Texas Houston
92%
M American State Missouri
92%
O Capital of Burkina Faso Ouagadougou
92%
S Continent South America
92%
L Country in Europe Luxembourg
85%
N Canadian Province Newfoundlandand Labrador
85%
Y Capital of Ivory Coastor Capital of Cameroon Yamoussoukro
85%
D Country in Africa Djibouti
77%
J This is the French wordfor day Jour
62%
C Capital of Benin Cotonou
54%
P Capital of Mauritius Port Louis
46%
W City in Florida NamedAfter City in Australia West Melboune
0%
No matching quizzes found
Score Distribution
Percent of People with Each Score
Percentile by Number Answered
Your Score History
You have not taken this quiz